Super Mario Maker 2 Course Elements (3.0) - Statistics

General Stats
  • This quiz has been taken 83 times
    71 since last reset
  • The average score is 83 of 193
Answer Stats
Answer Variant # % Correct
Brick Block #1
87%
Goomba #1
87%
Ground N/A
84%
Bowser #1
80%
Boo #1
78%
Fire Flower #1
76%
Spike #1
76%
Super Mushroom #1
73%
Bowser Jr. N/A
71%
Coin #1
71%
Rotating Block #2
71%
Roy N/A
71%
Boom Boom #1
69%
Green Pipe #1
69%
Iggy N/A
69%
Lemmy N/A
69%
Ludwig N/A
69%
Morton N/A
69%
Wendy N/A
69%
Blue Pipe #3
67%
Red Pipe #2
67%
Steep Slope N/A
67%
Ice Block N/A
64%
Lakitu's Cloud #2
64%
Larry N/A
64%
Pom Pom #2
64%
Super Leaf #2
64%
Warp Door #1
64%
Yoshi #1
64%
Cloud Block N/A
62%
Green Koopa Troopa #1
62%
Hammer Bro #1
62%
Key N/A
62%
Piranha Plant #1
62%
Red Koopa Troopa #2
62%
Spiny #1
62%
Yellow Pipe #4
62%
10-Coin #1
60%
1-Up Mushroom #1
60%
Lakitu #1
60%
P Switch N/A
60%
50-Coin #3
58%
Dotted-Line Block N/A
58%
Propeller Mushroom #4
58%
Thwomp N/A
58%
30-Coin #2
56%
Cape Feather #3
56%
Dry Bones #1
56%
Frog Suit #2
56%
Hard Block N/A
56%
Red Cheep Cheep #2
56%
SMB2 Mushroom #1
56%
Big Mushroom #1
53%
Clear Pipe N/A
53%
Fire Bro #1
53%
Gentle Slope N/A
53%
Meowser #2
53%
ON/OFF Switch N/A
53%
Pokey #1
53%
Super Bell #5
53%
Track N/A
53%
Blooper #1
51%
Boomerang Flower #5
51%
Bridge N/A
51%
Galoomba #2
51%
Hidden Block N/A
51%
Lift #1
51%
POW Block #1
51%
Buzzy Beetle #1
49%
Cannon #1
49%
Fire Piranha Plant #2
49%
Goombrat #3
49%
Key Door #3
49%
P Warp Door #2
49%
Semisolid Platform (#1) #1
49%
Semisolid Platform (#2) #2
49%
Semisolid Platform (#3) #3
49%
Trampoline N/A
49%
Banzai Bill #1
47%
Bob-Omb #1
47%
Donut Block N/A
47%
Magikoopa N/A
47%
Master Sword #2
47%
Muncher N/A
47%
Power Balloon #3
47%
Sledge Bro #2
47%
Super Acorn #4
47%
Super Star N/A
47%
Wiggler #1
47%
Angry Sun #1
44%
Ant trooper #1
44%
Chain Chomp #1
44%
Moon #2
44%
Mushroom Platform (#1) #1
44%
Mushroom Platform (#2) #2
44%
Mushroom Platform (#3) #3
44%
Note Block N/A
44%
P Block N/A
44%
Pink Coin N/A
44%
Goomba Mask N/A
42%
Spike Ball #2
42%
Spike Trap N/A
42%
Vine N/A
42%
Bill Blaster #1
40%
Green Cheep Cheep #1
40%
Lava Bubble N/A
40%
Snake Block #1
40%
Bullet Bill Mask N/A
38%
Fire Bar N/A
38%
Frozen Coin #2
38%
Mechakoopa N/A
38%
Monty Mole #1
38%
Rocky Wrench #2
38%
Bumper N/A
36%
Cannon Box N/A
36%
Dry Bones Shell #2
36%
Fire Yoshi #2
36%
Propeller Box N/A
36%
Shoe Goomba #1
36%
Snowball #3
36%
Spike Top #1
36%
Superball Flower #2
36%
Cursed Key N/A
33%
Red Cannon #2
33%
Skewer N/A
33%
Spiny Shell #2
33%
Angry Wiggler #2
31%
Bull's Eye Blaster #2
31%
Buzzy Shell #2
31%
Conveyor Belt N/A
31%
Flimsy Lift #3
31%
Grinder N/A
31%
Icicle (Falling) #1
31%
Icicle (Still) #2
31%
Koopa Clown Car N/A
31%
Red POW Block #2
31%
Skipsqueak #1
31%
Snow Pokey #2
31%
Super Hammer N/A
31%
Boo Buddies #2
29%
Fish Bone N/A
29%
Koopa Troopa Car N/A
29%
Porcupuffer N/A
29%
Blue Spike Top #2
27%
Bull's-Eye Banzai #2
27%
Bully N/A
27%
Burner (Alternate) #2
27%
Burner (Normal) #1
27%
Checkpoint Flag N/A
27%
Crate N/A
27%
Fast Snake Block #2
27%
Rotten Mushroom #2
27%
Seesaw N/A
27%
Stiletto Goomba #2
27%
Tree N/A
27%
Unchained Chomp #2
27%
Blooper Nanny #2
24%
Charvaargh N/A
24%
Music Block N/A
24%
ON/OFF Trampoline N/A
24%
Piranha Creeper #1
24%
Stingby N/A
24%
Swinging Claw N/A
24%
Twister N/A
24%
Warp Box #1
24%
Warp Box (With Key) #2
24%
Fire Koopa Clown Car N/A
22%
Goombud #4
22%
Lit Bob-Omb #2
22%
Orange Mushroom Trampoline #1
22%
Peepa N/A
22%
Red POW Box N/A
22%
Lava Lift #1
20%
One-Way Wall N/A
20%
Fast Lava Lift #2
18%
Hop-Chop N/A
18%
Red Blinking Block #1
18%
Sleeping Piranha Creeper #2
18%
Zappa Mechakoopa N/A
18%
Arrow Sign N/A
16%
Blasta Mechakoopa N/A
16%
Horned Ant Trooper #2
16%
Blue Blinking Block #2
13%
Blue Mushroom Trampoline #2
13%
Dash Block N/A
13%
Heavy Fire Bro #2
13%
Jumping Piranha Plant #3
13%
Exclamation Mark Block N/A
11%
Spiny Skipsqueak #2
11%
Blue Spike Block #2
9%
Cloud Lift #2
9%
Red Spike Block #1
9%
Yellow Spike Block #3
9%
No matching quizzes found
Score Distribution
Percent of People with Each Score
Percentile by Number Answered
Your Score History
You have not taken this quiz since the last reset